000 00273nam a2200109Ia 4500
001 1260239
005 20260417140328.0
008 260417s9999 xx 000 0 und d
020 _a9786256910836
245 0 _aOkuyucularla
_cCahit Zarifoğlu
260 _bKetebe Yayınları
999 _c1260239
_d1260239